Statistics for Taskmaster Contestants

Click here to take the quiz!

General Stats

  • This quiz has been taken 708 times
    (457 since last reset)
  • The average score is 36 of 75

Answer Stats

SeasonContestants% Correct
7James Acaster
75%
1Josh Widdicombe
74%
1Romesh Ranganathan
68%
5Bob Mortimer
67%
2Katherine Ryan
66%
2Richard Osman
66%
9Ed Gamble
65%
1Frank Skinner
65%
2Jon Richardson
63%
7Rhod Gilbert
62%
1Tim Key
62%
9Jo Brand
61%
5Nish Kumar
61%
12Victoria Coren Mitchell
61%
7Phil Wang
60%
5Aisling Bea
59%
4Noel Fielding
58%
3Rob Beckett
58%
12Alan Davies
57%
2Joe Wilkinson
56%
9David Baddiel
55%
4Joe Lycett
55%
11Lee Mack
55%
2Doc Brown
53%
5Sally Phillips
53%
4Hugh Dennis
52%
6Liza Tarbuck
52%
5Mark Watson
51%
4Mel Giedroyc
51%
6Russell Howard
51%
1Roisin Conaty
50%
9Rose Matafeo
50%
3Sara Pascoe
49%
6Tim Vine
49%
7Kerry Godliman
48%
10Daisy May Cooper
47%
7Jessica Knappett
47%
15Mae Martin
47%
11Mike Wozniak
47%
8Joe Thomas
46%
15Frankie Boyle
45%
12Guz Khan
45%
10Richard Herring
45%
10Johnny Vegas
44%
9Katy Wix
44%
14Dara Ó Briain
43%
3Al Murray
42%
14Fern Brady
42%
10Katherine Parkinson
42%
11Charlotte Ritchie
41%
12Morgana Robinson
41%
13Judi Love
40%
14Sarah Millican
40%
15Ivo Graham
39%
4Lolly Adefope
39%
8Lou Sanders
39%
8Paul Sinha
39%
6Alice Levine
38%
3Paul Chowdhry
38%
8Iain Stirling
37%
15Jenny Eclair
37%
13Sophie Duker
36%
11Sarah Kendall
35%
3Dave Gorman
33%
12Desiree Burch
33%
10Mawaan Rizwan
33%
13Chris Ramsey
32%
8Sian Gibson
32%
13Bridget Christie
31%
11Jamali Maddix
31%
15Kiell Smith-Bynoe
31%
14Munya Chawawa
31%
14John Kearns
30%
13Ardal O'Hanlon
28%
6Asim Chaudhry
28%

Score Distribution

Percentile by Number Answered

Percent of People with Each Score

Your Score History

You have not taken this quiz since the last reset